| 000 | 01651nam a2200325 a 4500 | ||
|---|---|---|---|
| 003 | CO-PeBPR | ||
| 005 | 20260428155544.0 | ||
| 008 | 260415e2024 ck a|||| n||| 00| 0 spa c | ||
| 020 | _a9786287687165 | ||
| 040 | 0 |
_aCO-PeBPR _bspa _cCO-PeBPR _erda |
|
| 041 | 0 | _hspa | |
| 082 | 0 | 4 | _a(i) 598 C139g |
| 100 | 1 |
_aCajiao, Javier _eautor |
|
| 245 | 1 | 0 |
_aGuía secreta de aves _c/ Javier Cajiao ; ilustraciones de Julián Ariza |
| 250 | _aEdición especial | ||
| 264 | 1 |
_aBogotá, Colombia _b: Penguin Random House _c, 2024 |
|
| 300 |
_a56 páginas _b: ilustraciones a color _c; 24 centímetros |
||
| 336 |
_atexto _btxt _crdacontenido |
||
| 337 |
_asin mediación _bn _2rdamedio |
||
| 338 |
_avolumen _bnc _2rdasoporte |
||
| 490 | _aPlan Nacional de Lectura, Escritura y Oralidad / Ministerio de las Culturas, las Artes y los Saberes | ||
| 520 | _aMira por tu ventana, entre las ramas de los árboles, guarda silencio y allí donde veas estarán ellas, revoloteando, agitando las hojas. En esta particular guía de aves conocerás a algunas de las especies más extraordinarias de América, desde, los cucaracheros que anidad lo profundo de la selva amazónica. Esta no es solo una guía para pajarear, es tu primera salida para avistar aves, un recorrido en el que con solo pasar una página ellas te contarán todos su secretos. | ||
| 650 | 1 | 4 |
_2LEMB _aAves _xClasificación _vLiteratura infantil |
| 650 | 1 | 4 |
_2LEMB _aObservación de aves |
| 650 | 1 | 4 |
_2LEMB _aConservación de la naturaleza |
| 650 | 1 | 4 |
_2LEMB _aAves _xHábitos y conducta |
| 650 | 1 | 4 |
_2LEMB _aAves _xDistribución geográfica |
| 700 | 1 |
_aAriza, Julián _eilustrador |
|
| 942 |
_2ddc _cBKINF |
||
| 999 |
_c17810 _d17810 |
||